| 000 | 00560 a2200145 4500 | ||
|---|---|---|---|
| 999 |
_c9357 _d9357 |
||
| 020 | _a0406509204 | ||
| 050 | _aKF956 JAM 1991 | ||
| 100 |
_aJames, Jennifer, _d 1949- _eauthor |
||
| 245 |
_aRichardson's guide to negotiable instruments / _cJennifer James |
||
| 264 |
_aLondon : _bButterworths, _c1991. |
||
| 300 | _axiv, 257 pages : forms ; 22 cm | ||
| 500 | _alncludes index Previous ed. published as: Guide to negotiable instruments and the Bills of Exchange Acts. 1983. | ||
| 650 | _a Negotiable instruments -- Great Britain. | ||
| 942 |
_2lcc _cBK _h956 _iJAM _kKF |
||